Strong market ripples out (Record no. 71889)

MARC details
000 -LEADER
fixed length control field 00848cam a2200205 4500
001 - CONTROL NUMBER
control field WB3901-19
008 - FIXED-LENGTH DATA ELEMENTS--GENERAL INFORMATION
fixed length control field 030107n2002 000 0 eng u
035 ## - SYSTEM CONTROL NUMBER
System control number (Sirsi) u120937
245 ## - TITLE STATEMENT
Title Strong market ripples out
260 ## - PUBLICATION, DISTRIBUTION, ETC.
Date of publication, distribution, etc. 2002
490 ## - SERIES STATEMENT
Series statement Nationwide Quarterly Review
Volume/sequential designation Winter 2002, (4)
520 ## - SUMMARY, ETC.
Summary, etc. Nationwide's latest review of house prices reports a price rise of 1.7% in December 2002, with an annual growth rate of 25.3% or £23 662 during 2002. Yorkshire and Humberside saw the highest annual house price change of 35% in 2002; London ranked twelth with 21%. www.nationwide.co.uk/hpi/quarterly/headlines.htm
590 ## - LOCAL NOTE (RLIN)
Local note WB
650 ## - SUBJECT ADDED ENTRY--TOPICAL TERM
Topical term or geographic name entry element HOUSE PRICES
650 ## - SUBJECT ADDED ENTRY--TOPICAL TERM
Topical term or geographic name entry element HOUSING MARKET SURVEYS
650 ## - SUBJECT ADDED ENTRY--TOPICAL TERM
Topical term or geographic name entry element NATIONWIDE
650 ## - SUBJECT ADDED ENTRY--TOPICAL TERM
Topical term or geographic name entry element REGIONS
690 ## - LOCAL SUBJECT ADDED ENTRY--TOPICAL TERM (OCLC, RLIN)
Topical term or geographic name as entry element PROPERTY-RESIDENTIAL PROPERTY-RESIDENTIAL PROPERTY MARKET
942 ## - ADDED ENTRY ELEMENTS (KOHA)
Suppress in OPAC 0
Holdings
Withdrawn status Lost status Source of classification or shelving scheme Damaged status Not for loan Home library Current library Shelving location Date acquired Total Checkouts Full call number Barcode Date last seen Copy number Price effective from Koha item type
    Dewey Decimal Classification     London London News article 07/01/2003   WB3901-19 120937-1001 06/08/2019 1 06/08/2019 News article